Movies Quiz

Random Movies Quiz
Score 0/50 Timer 10:00
0 Plays Today
Hint Nominee % Correct
Worst PictureTransformers: Age of Extinction
80.3%
Worst Screen ComboAny two robots, actors, or robotic actors (Transformers: Age of Extinction)
80.3%
Worst Prequel, Remake, Rip-Off, or SequelTransformers: Age of Extinction
80.3%
Worst DirectorMICHAEL BAY (Transformers: Age of Extinction)
80.3%
Worst ScreenplayTransformers: Age of Extinction
80.3%
Worst PictureTeenage Mutant Ninja Turtles
72%
Worst Prequel, Remake, Rip-Off, or SequelTeenage Mutant Ninja Turtles
72%
Worst DirectorJonathan Liebesman (Teenage Mutant Ninja Turtles)
72%
Worst ScreenplayTeenage Mutant Ninja Turtles
72%
Worst ActorAdam Sandler (Blended)
70.1%
Worst ActressCAMERON DIAZ (The Other Woman/Sex Tape)
66.9%
Worst Supporting ActressCameron Diaz (Annie)
66.9%
Worst Supporting ActressMEGAN FOX (Teenage Mutant Ninja Turtles)
66.9%
The Razzie Redeemer AwardBen Affleck (from Gigli to Argo and Gone Girl)
62.4%
Worst ActressDrew Barrymore (Blended)
61.1%
Worst Prequel, Remake, Rip-Off, or SequelANNIE
61.1%
Worst Screen ComboKIRK CAMERON AND HIS EGO (Saving Christmas)
60.5%
Worst PictureSAVING CHRISTMAS
59.2%
Worst DirectorDarren Doane (Saving Christmas)
59.2%
Worst ScreenplaySAVING CHRISTMAS
59.2%
Worst ActorKIRK CAMERON (Saving Christmas)
58%
Worst Screen ComboCameron Diaz and Jason Segel (Sex Tape)
58%
Worst ScreenplaySex Tape
58%
Worst ActorNicolas Cage (Left Behind)
56.1%
Worst PictureLeft Behind
55.4%
Hint Nominee % Correct
Worst Supporting ActressBridgette Cameron Ridenour (Saving Christmas)
55.4%
Worst ScreenplayLeft Behind
55.4%
Worst Screen ComboKellen Lutz and either his abs, his pecs, or his glutes (The Legend of Hercules)
54.8%
Worst PictureThe Legend of Hercules
54.1%
Worst Prequel, Remake, Rip-Off, or SequelThe Legend of Hercules
54.1%
Worst DirectorRenny Harlin (The Legend of Hercules)
54.1%
The Razzie Redeemer AwardKristen Stewart (from The Twilight Saga to Camp X-Ray)
53.5%
The Razzie Redeemer AwardJennifer Aniston (from 4 Razzie nominations to Cake)
52.9%
Worst DirectorSeth MacFarlane (A Million Ways to Die in the West)
52.2%
Worst ActorKellan Lutz (The Legend of Hercules)
51%
The Razzie Redeemer AwardKeanu Reeves (from 6 Razzie nominations to John Wick)
51%
Worst ActorSeth MacFarlane (A Million Ways to Die in the West)
50.3%
Worst ActressCharlize Theron (A Million Ways to Die in the West)
49.7%
Worst Supporting ActorArnold Schwarzenegger (The Expendables 3)
49%
Worst Supporting ActorMel Gibson (The Expendables 3)
47.8%
Worst Supporting ActorKELSEY GRAMMER (The Expendables 3/Legends of Oz: Dorothy's Return/Think Like a Man Too/Transformers: Age of Extinction)
47.8%
Worst Screen ComboSeth MacFarlane and Charlize Theron (A Million Ways to Die in the West)
47.8%
The Razzie Redeemer AwardMike Myers (from the Love Guru to Supermensch: The Legend of Shep Gordon)
47.8%
Worst ActressMelissa McCarthy (Tammy)
43.3%
Worst Supporting ActressNicola Peltz (Transformers: Age of Extinction)
42%
Worst Prequel, Remake, Rip-Off, or SequelAtlas Shrugged: Part III
40.8%
Worst ActressGaia Weiss (The Legend of Hercules)
40.1%
Worst Supporting ActressSusan Sarandon (Tammy)
40.1%
Worst Supporting ActorKiefer Sutherland (Pompeii)
36.3%
Worst Supporting ActorShaquille O'Neal (Blended)
35%
Remove Ads.
Support Sporcle.
Get the best of Sporcle when you Go Orange. This ad-free experience offers more features, more stats, and more fun while also helping to support Sporcle. Thank you for becoming a member.

You're not logged in!

Compare scores with friends on all Sporcle quizzes.
OR
Log In

Show Comments

Extras

Top Quizzes Today


Score Distribution

Your Account Isn't Verified!

In order to create a playlist on Sporcle, you need to verify the email address you used during registration. Go to your Sporcle Settings to finish the process.

Report this User

Report this user for behavior that violates our Community Guidelines.

Details: